000 00448nam a2200181Ia 4500
001 13723
005 20260306164822.0
008 260306t1994||||xx |||||||||||||| ||spa||
041 _aESP
082 _a005.133C2
_bE42
100 _aEllis, Margaret A.
_eAUT
245 0 _aC++:
_bmanual de referencia con anotaciones
260 _c1994
300 _axiii, 541 páginas :
_c23 cm.
650 _aGEN
654 _aCCC
942 _cLIB
_dJUS
_fJUS
_2ddc
_n
999 _c13723
_d13723